00234 a2200121 4500001000700000020000600007040001100013100002000024240002800044245002300072300000800095362000900103182580 a  cMagnum aPorto, Sérgio10aO livro das festaslpor10aO livro das festas a1860 a1981